Las 500 preguntas más usuales sobre temas laborales : orientaciones teórico-prácticas / Baltasar Cavazos Flores (Registro nro. 18676)
[ vista simple ]
| 000 -LÍDER | |
|---|---|
| fixed length control field | 00515nam a2200157 4500 |
| 008 - ELEMENTOS DE LONGITUD FIJA -- INFORMACIÓN GENERAL | |
| fixed length control field | 0 1989 0x 000 0MEX |
| 020 ## - NÚMERO INTERNACIONAL NORMALIZADO PARA LIBROS | |
| ISBN | 968-24-3372-X |
| 050 ## - SIGNATURA TOPOGRAFICA DE LA BIBLIOTECA DEL CONGRESO (LC) | |
| Número de Clasificación | KGF1789 C37 1989 |
| 082 ## - NUMERO DE CLASIFICACION DECIMAL DEWEY | |
| Número de Clasificación | 344.01 C376p |
| 100 ## - ASIENTO PRINCIPAL--NOMBRE PERSONAL | |
| Nombre personal | Cavazos Flores, Baltasar |
| 245 ## - TÍTULO | |
| Título | Las 500 preguntas más usuales sobre temas laborales : orientaciones teórico-prácticas / Baltasar Cavazos Flores |
| 250 ## - MENCIÓN DE EDICIÓN | |
| Mención de edición | 3 |
| 260 ## - PUBLICACIÓN, DISTRIBUCIÓN, ETC. (PIE DE IMPRENTA) | |
| Lugar de publicación, distribución, etc. | México : Trillas |
| 300 ## - DESCRIPCIÓN FÍSICA | |
| Extensión | 282 p. / 23 cm. |
| 650 ## - ASIENTO SECUNDARIO DE MATERIA - TERMINO TEMÁTICO | |
| Término temático o nombre geográfico como elemento de entrada | 1.TRABAJO-LEYES Y LEGISLACION-MEXICO |
| No. biblioteca | No. biblioteca | Número de clasificación | Código de barras/Número de adquisición | Número de copia | Tipo de material |
|---|---|---|---|---|---|
| LUIS G. INCLAN | LUIS G. INCLAN | 344.01 C376p | 31936 | 1 | Libros |
| LUIS G. INCLAN | LUIS G. INCLAN | 344.01 C376p | 45178 | 2 | Libros |
